| 000 | 00804nam a2200241Ia 4500 | ||
|---|---|---|---|
| 003 | GCL | ||
| 008 | 140319s9999 xx 000 0 ara d | ||
| 040 |
_aGCL / _cGCL |
||
| 082 | 0 | 4 |
_a001.5 _bم ص |
| 100 | 1 | _aمحمد حيدر مشيخ | |
| 245 | 1 | 0 |
_aصناعة التلفزيون فى القرن العشرين / _cمحمد حيدر مشيخ |
| 260 |
_aالقاهرة : _bالهيئة المصرية العامة للكتاب ، _c1994 |
||
| 300 |
_a250 ص ؛ _c25 سم |
||
| 490 | _a | ||
| 650 | 0 | 4 | _aالسعودية |
| 650 | 0 | 4 | _aالفيديو |
| 650 | 0 | 4 | _aالتليفزيون |
| 650 | 0 | 4 | _aالاعلام |
| 650 | 0 | 4 | _aوسائل الاعلام |
| 650 | 0 | 4 | _aالارسال والاستقبال |
| 650 | 0 | 4 | _aالدوائر التلفزيونية المغلقة |
| 942 |
_2ddc _cBK |
||
| 999 |
_c29801 _d29801 |
||